Los daños derivados de discriminación laboral y la violencia laboral (Registro nro. 18562)
[ vista simple ]
| 000 -LEADER | |
|---|---|
| fixed length control field | 00341 a2200109 4500 |
| 001 - CONTROL NUMBER | |
| control field | ART_38170 |
| 005 - DATE AND TIME OF LATEST TRANSACTION | |
| control field | 20260410161739.0 |
| 008 - FIXED-LENGTH DATA ELEMENTS--GENERAL INFORMATION | |
| fixed length control field | 260409a |
| 100 1# - MAIN ENTRY--PERSONAL NAME | |
| Personal name | Duarte, David |
| 245 10 - TITLE STATEMENT | |
| Title | Los daños derivados de discriminación laboral y la violencia laboral |
| 773 0# - HOST ITEM ENTRY | |
| Title | Doctrina laboral |
| Related parts | - Nº 353 (ene. 2015) |
| Record control number | REV4049 |
No hay ítems disponibles.